[Event "Magyar Korcsoportos Bajnokság fiú18"]
[Site "Eger"]
[Date "2022.07.24"]
[Round "1.3"]
[White "Daroczi, Donat"]
[Black "Baski, Barnabas"]
[Result "0-1"]
[WhiteElo "2163"]
[BlackElo "2142"]
[PlyCount "98"]
[EventDate "2022.07.24"]
[EventType "tourn"]
[EventRounds "7"]
[EventCountry "HUN"]

1. e4 e5 2. Nf3 Nc6 3. Bc4 Bc5 4. c3 Nf6 5. d4 exd4 6. e5 d5 7. Bb5 Ne4 8. cxd4
Bb6 9. Nc3 O-O 10. Be3 f5 11. exf6 Nxf6 12. Bxc6 bxc6 13. Ne5 Qd6 14. O-O Ba6
15. Re1 c5 16. dxc5 Bxc5 17. Bxc5 Qxc5 18. Na4 Qd6 19. Qd4 Ne4 20. Rac1 Rae8
21. Rc6 Qxe5 22. Qxe5 Rxe5 23. Rxa6 Rg5 24. Re2 Rg6 25. Rxa7 Rc6 26. g3 Rd8 27.
Kg2 Rc1 28. f3 Nf6 29. Rd2 d4 30. Kf2 Nd5 31. Ra5 Ne3 32. Rc5 Rh1 33. Rxc7
Rxh2+ 34. Ke1 Rh1+ 35. Ke2 Nf1 36. Rd3 Nxg3+ 37. Kf2 Nf5 38. Kg2 Rb1 39. Kh3
Re8 40. Kg4 Ne3+ 41. Kg3 Nf5+ 42. Kf4 g6 43. Rb3 Rh1 44. Rb6 d3 45. Rd7 Rh4+
46. Kg5 Rxa4 47. a3 Rd4 48. Rxd4 Nxd4 49. Rd6 Ne6+ 0-1

[Event "Magyar Korcsoportos Bajnokság fiú18"]
[Site "Eger"]
[Date "2022.07.25"]
[Round "2.1"]
[White "Reviczki, Roland"]
[Black "Daroczi, Donat"]
[Result "0-1"]
[WhiteElo "2160"]
[BlackElo "2163"]
[PlyCount "72"]
[EventDate "2022.07.24"]
[EventType "tourn"]
[EventRounds "7"]
[EventCountry "HUN"]

1. e4 c5 2. Nf3 d6 3. d4 cxd4 4. Nxd4 Nf6 5. Nc3 g6 6. Be3 Bg7 7. f3 O-O 8. Qd2
Nc6 9. Bc4 Bd7 10. O-O-O Rc8 11. Bb3 Nxd4 12. Bxd4 b5 13. Nd5 Nxd5 14. Bxg7
Kxg7 15. exd5 a5 16. a3 Kg8 17. Rhe1 Rc5 18. Qe3 Qc7 19. Rd2 Rc8 20. Ree2 a4
21. Ba2 Qb6 22. Kd1 b4 23. axb4 Qxb4 24. c3 a3 25. Ke1 Qh4+ 26. g3 Qh3 27. c4
axb2 28. Rxb2 e6 29. dxe6 Bxe6 30. Qd4 Bxc4 31. Bxc4 Rxc4 32. Qxd6 Rc1+ 33. Kd2
Qf1 34. Ke3 R1c3+ 35. Kf4 Qxf3+ 36. Kg5 Qf5+ 0-1

[Event "Magyar Korcsoportos Bajnokság fiú18"]
[Site "Eger"]
[Date "2022.07.25"]
[Round "2.2"]
[White "Virag, Balint"]
[Black "Karacsonyi, Gellert"]
[Result "0-1"]
[WhiteElo "2164"]
[BlackElo "2338"]
[PlyCount "112"]
[EventDate "2022.07.24"]
[EventType "tourn"]
[EventRounds "7"]
[EventCountry "HUN"]

1. e4 c5 2. Nf3 e6 3. d4 cxd4 4. Nxd4 a6 5. Nc3 Qc7 6. Be3 Bb4 7. Qd3 Nf6 8.
Bd2 O-O 9. a3 Bc5 10. Nb3 Ba7 11. Be3 b6 12. g3 Bb7 13. Bf4 e5 14. Bg5 Nxe4 15.
Nxe4 d5 16. Nf6+ gxf6 17. Bh6 Re8 18. Bh3 Qc4 19. Qf3 Qe4+ 20. Qxe4 dxe4 21.
Ke2 Nc6 22. Rhd1 Red8 23. c3 a5 24. a4 Ba6+ 25. Ke1 Ne7 26. Rxd8+ Rxd8 27. Rd1
Rxd1+ 28. Kxd1 Bb8 29. Bd7 Bd6 30. Be3 Nd5 31. Bf5 Bb7 32. Nd2 Bc6 33. b3 Nxc3+
34. Kc2 Nd5 35. Nxe4 Be7 36. Nc3 Bd8 37. Nxd5 Bxd5 38. Bh6 Be7 39. Be3 Bd8 40.
Bh6 Be7 41. Be3 Bc5 42. Bxc5 bxc5 43. Kc3 e4 44. Bg4 Kf8 45. Be2 Ke7 46. Bc4
Kd6 47. Bxd5 Kxd5 48. g4 h6 49. h3 f5 50. gxf5 f6 51. h4 h5 52. Kc2 c4 53.
bxc4+ Kxc4 54. Kd2 Kb4 55. Ke3 Kxa4 56. Kxe4 Kb4 0-1

[Event "Magyar Korcsoportos Bajnokság fiú18"]
[Site "Eger"]
[Date "2022.07.25"]
[Round "2.3"]
[White "Juhasz, Agoston"]
[Black "Forgacs, Attila Jr"]
[Result "1-0"]
[WhiteElo "2344"]
[BlackElo "2215"]
[PlyCount "71"]
[EventDate "2022.07.24"]
[EventType "tourn"]
[EventRounds "7"]
[EventCountry "HUN"]

1. d4 Nf6 2. c4 d6 3. Nc3 Nbd7 4. e4 e5 5. Nf3 g6 6. Be2 Bg7 7. O-O O-O 8. Be3
c6 9. d5 c5 10. Ne1 Ne8 11. g4 f5 12. exf5 gxf5 13. gxf5 Nb6 14. Nf3 Bxf5 15.
Ng5 Qe7 16. Kh1 Nf6 17. Rg1 Kh8 18. f3 e4 19. f4 Rg8 20. Qe1 Bh6 21. Nb5 Bxg5
22. fxg5 Nfd7 23. b4 a6 24. Nxd6 Qxd6 25. bxc5 Nxc5 26. Qf2 Nbd7 27. Bd4+ Rg7
28. Qxf5 Rf8 29. Qh3 Ne5 30. Qh6 Qe7 31. d6 Qe8 32. Bxc5 Qc6 33. Be3 Nd3 34.
Rgf1 Rf2 35. Rxf2 Nxf2+ 36. Kg1 1-0

[Event "Magyar Korcsoportos Bajnokság fiú18"]
[Site "Eger"]
[Date "2022.07.26"]
[Round "3.1"]
[White "Karacsonyi, Gellert"]
[Black "Juhasz, Agoston"]
[Result "1-0"]
[WhiteElo "2338"]
[BlackElo "2344"]
[PlyCount "81"]
[EventDate "2022.07.24"]
[EventType "tourn"]
[EventRounds "7"]
[EventCountry "HUN"]

1. d4 Nf6 2. Nf3 g6 3. Bg5 Bg7 4. Nbd2 O-O 5. e4 d5 6. exd5 Nxd5 7. c3 Bf5 8.
Bc4 c5 9. dxc5 h6 10. Bh4 Nf4 11. O-O g5 12. Bg3 Nd3 13. Bxd3 Qxd3 14. Nb3 Nc6
15. Qxd3 Bxd3 16. Rfe1 Rad8 17. h4 Bf6 18. hxg5 hxg5 19. Be5 Kg7 20. Bxf6+ Kxf6
21. Nfd4 Nxd4 22. Nxd4 e5 23. Nf3 Rd5 24. Re3 e4 25. Nd2 Rfd8 26. Rae1 Bc2 27.
Nxe4+ Bxe4 28. Rxe4 Rxc5 29. Re7 Rb5 30. b4 Rd2 31. a4 Rf5 32. Rxb7 Rdxf2 33.
Rxa7 g4 34. Ra6+ Kg7 35. Ra5 R5f4 36. Rg5+ Kf6 37. Rxg4 Rf5 38. a5 Rc2 39. Rg3
Rd5 40. Rf1+ Ke6 41. Re3+ 1-0

[Event "Magyar Korcsoportos Bajnokság fiú18"]
[Site "Eger"]
[Date "2022.07.26"]
[Round "3.2"]
[White "Daroczi, Donat"]
[Black "Virag, Balint"]
[Result "1-0"]
[WhiteElo "2163"]
[BlackElo "2164"]
[PlyCount "97"]
[EventDate "2022.07.24"]
[EventType "tourn"]
[EventRounds "7"]
[EventCountry "HUN"]

1. e4 c6 2. Nc3 d5 3. d4 dxe4 4. Nxe4 Bf5 5. Ng3 Bg6 6. h4 h6 7. Nf3 e6 8. Ne5
Bh7 9. Bd3 Bxd3 10. Qxd3 Be7 11. h5 Nf6 12. Be3 Nbd7 13. O-O-O Qc7 14. f4 Rd8
15. Ne4 Nxe4 16. Qxe4 Nf6 17. Qf3 Qa5 18. Kb1 Qd5 19. Qe2 b5 20. g4 Ne4 21.
Rhg1 Rb8 22. g5 b4 23. gxh6 gxh6 24. Qa6 Qb5 25. Qxc6+ Qxc6 26. Nxc6 Rb7 27. d5
Rd7 28. dxe6 fxe6 29. Rxd7 Kxd7 30. Ne5+ Ke8 31. Bxa7 Rf8 32. Ng6 Rf5 33. Re1
Rxh5 34. c3 Nd2+ 35. Kc2 bxc3 36. Kxc3 Rh2 37. Rxe6 Kf7 38. Rxe7+ Kxg6 39. b4
Nb1+ 40. Kb3 Nd2+ 41. Kc3 Nb1+ 42. Kc4 Rxa2 43. b5 Ra4+ 44. Kd3 Ra3+ 45. Kc2
Nc3 46. b6 Nd5 47. Re6+ Kf5 48. Re5+ Kxf4 49. Rxd5 1-0

[Event "Magyar Korcsoportos Bajnokság fiú18"]
[Site "Eger"]
[Date "2022.07.26"]
[Round "3.3"]
[White "Baski, Barnabas"]
[Black "Reviczki, Roland"]
[Result "1-0"]
[WhiteElo "2142"]
[BlackElo "2160"]
[PlyCount "99"]
[EventDate "2022.07.24"]
[EventType "tourn"]
[EventRounds "7"]
[EventCountry "HUN"]

1. Nf3 Nf6 2. g3 g6 3. b3 Bg7 4. Bb2 O-O 5. Bg2 d6 6. d4 c5 7. c4 Qa5+ 8. Qd2
Qxd2+ 9. Nbxd2 Na6 10. d5 e6 11. dxe6 Bxe6 12. Ng5 d5 13. Nxe6 fxe6 14. cxd5
exd5 15. Bxf6 Bxf6 16. Bxd5+ Kh8 17. Rd1 Nb4 18. Bxb7 Rae8 19. Bf3 Nxa2 20. O-O
Nc3 21. Rde1 Rb8 22. Ra1 Nb5 23. Ra6 Rb6 24. Rxb6 axb6 25. Nc4 Nd4 26. Nxb6
Nxf3+ 27. exf3 Bd4 28. f4 Rb8 29. Nc4 Rxb3 30. Rc1 Kg7 31. Rc2 Kf7 32. Nd2 Rb2
33. Rxb2 Bxb2 34. Kf1 Ke6 35. Nc4 Bd4 36. Ke2 Kd5 37. Ne3+ Kc6 38. Kd3 Kb5 39.
g4 Bg7 40. f5 Be5 41. fxg6 hxg6 42. h4 Kb4 43. f4 Bh8 44. Kc2 Ba1 45. Nd5+ Kc4
46. Ne7 Kd4 47. Nxg6 Ke4 48. h5 Bg7 49. g5 Kf5 50. h6 1-0

[Event "Magyar Korcsoportos Bajnokság fiú18"]
[Site "Eger"]
[Date "2022.07.27"]
[Round "4.1"]
[White "Virag, Balint"]
[Black "Baski, Barnabas"]
[Result "1-0"]
[WhiteElo "2164"]
[BlackElo "2142"]
[PlyCount "85"]
[EventDate "2022.07.24"]
[EventType "tourn"]
[EventRounds "7"]
[EventCountry "HUN"]

1. e4 e5 2. Nf3 Nc6 3. Bb5 a6 4. Ba4 Nf6 5. O-O Be7 6. d3 b5 7. Bb3 d6 8. a4
Bd7 9. h3 O-O 10. c3 Na5 11. Bc2 c5 12. d4 Qc7 13. b4 cxb4 14. cxb4 Nc6 15. Ba3
exd4 16. axb5 axb5 17. Re1 Nxb4 18. Nxd4 Nxc2 19. Nxc2 Rfe8 20. Nd2 Ra4 21. Rc1
Qb7 22. Bb4 Bf8 23. f3 Be6 24. Nb1 d5 25. Bxf8 Rxf8 26. Nc3 Raa8 27. e5 Ne8 28.
Rb1 Nc7 29. Qd3 Rab8 30. Rb2 d4 31. Qxd4 Rfd8 32. Qc5 Na6 33. Qe3 Bc4 34. Ne4
Rd3 35. Qg5 Qa7+ 36. Kh1 Nc5 37. Nb4 h6 38. Qh4 Nxe4 39. Nxd3 Bxd3 40. fxe4 Qd4
41. Rd2 Qc4 42. e6 fxe6 43. Qg3 1-0

[Event "Magyar Korcsoportos Bajnokság fiú18"]
[Site "Eger"]
[Date "2022.07.27"]
[Round "4.2"]
[White "Juhasz, Agoston"]
[Black "Daroczi, Donat"]
[Result "1-0"]
[WhiteElo "2344"]
[BlackElo "2163"]
[PlyCount "99"]
[EventDate "2022.07.24"]
[EventType "tourn"]
[EventRounds "7"]
[EventCountry "HUN"]

1. e4 e6 2. d4 d5 3. Nc3 Nf6 4. Bg5 dxe4 5. Nxe4 Be7 6. Nxf6+ Bxf6 7. Bxf6 Qxf6
8. Nf3 O-O 9. Qd3 c5 10. O-O-O Rd8 11. Qe4 Nc6 12. Bd3 Qh6+ 13. Kb1 Nxd4 14.
Rhe1 Rb8 15. Qe5 Bd7 16. Be4 Bc6 17. Nxd4 Bxe4 18. Rxe4 Rbc8 19. Rd3 cxd4 20.
Rexd4 Rxd4 21. Qxd4 g6 22. h4 Qh5 23. Qe4 Qb5 24. a4 Qb6 25. Qd4 Qxd4 26. Rxd4
Rc7 27. b4 f5 28. Kb2 Kf7 29. Rd8 e5 30. a5 e4 31. g3 a6 32. c4 h6 33. Rd6 Kg7
34. Kc3 g5 35. h5 Rf7 36. Rg6+ Kf8 37. Kd4 Rd7+ 38. Ke5 Rd2 39. Kxf5 Rxf2+ 40.
Kxe4 Rc2 41. Kd4 Rg2 42. Rxh6 Rxg3 43. Rb6 g4 44. Rxb7 Rh3 45. b5 g3 46. Ke3
Rxh5 47. bxa6 Rxa5 48. a7 Ra3+ 49. Ke2 Ra2+ 50. Kf1 1-0

[Event "Magyar Korcsoportos Bajnokság fiú18"]
[Site "Eger"]
[Date "2022.07.27"]
[Round "4.3"]
[White "Forgacs, Attila Jr"]
[Black "Karacsonyi, Gellert"]
[Result "0-1"]
[WhiteElo "2215"]
[BlackElo "2338"]
[PlyCount "96"]
[EventDate "2022.07.24"]
[EventType "tourn"]
[EventRounds "7"]
[EventCountry "HUN"]

1. e4 c6 2. d4 d5 3. e5 c5 4. dxc5 e6 5. a3 Bxc5 6. b4 Be7 7. Nf3 a5 8. b5 Nd7
9. Bb2 Nh6 10. c4 dxc4 11. Bxc4 b6 12. O-O Bb7 13. Nbd2 a4 14. Qe2 Nc5 15. Rfd1
Qc7 16. Nd4 O-O 17. N2f3 Rac8 18. Rac1 Qb8 19. h3 Rfd8 20. Ba2 Qa8 21. Bb1 g6
22. Qe3 Bf8 23. Nh4 Bg7 24. f4 Kh8 25. g4 Ng8 26. f5 gxf5 27. gxf5 Bh6 28. Qe2
Ne7 29. f6 Rg8+ 30. Kf1 Be4 31. Nc6 Bxb1 32. fxe7 Rxc6 33. bxc6 Qxc6 34. Nf3
Bxc1 35. Rxc1 Bf5 36. Rd1 Qb7 37. Bc1 Qxe7 38. h4 Ne4 39. Qc4 Qb7 40. Bf4 Nd2+
41. Nxd2 Qh1+ 42. Ke2 Bg4+ 43. Kf2 Qxd1 44. Qd3 Bf5 45. Qd7 Qg1+ 46. Kf3 Qg2+
47. Ke3 Qh3+ 48. Nf3 Bg4 0-1

[Event "Magyar Korcsoportos Bajnokság fiú18"]
[Site "Eger"]
[Date "2022.07.29"]
[Round "5.1"]
[White "Daroczi, Donat"]
[Black "Forgacs, Attila Jr"]
[Result "1/2-1/2"]
[WhiteElo "2163"]
[BlackElo "2215"]
[PlyCount "49"]
[EventDate "2022.07.24"]
[EventType "tourn"]
[EventRounds "7"]
[EventCountry "HUN"]

1. e4 e5 2. Nf3 Nc6 3. d4 exd4 4. Nxd4 Nf6 5. Nxc6 bxc6 6. e5 Qe7 7. Qe2 Nd5 8.
c4 Ba6 9. Nd2 g6 10. Nf3 Qb4+ 11. Kd1 Bg7 12. Qd2 Qxd2+ 13. Bxd2 Nb6 14. b3
O-O-O 15. Kc2 d5 16. cxd5 Bxf1 17. Rhxf1 cxd5 18. Be3 Kb7 19. Bd4 Rc8 20. b4
Nc4 21. Rfe1 Rhe8 22. e6 Bxd4 23. Nxd4 fxe6 24. Nxe6 a5 25. b5 1/2-1/2

[Event "Magyar Korcsoportos Bajnokság fiú18"]
[Site "Eger"]
[Date "2022.07.29"]
[Round "5.2"]
[White "Baski, Barnabas"]
[Black "Juhasz, Agoston"]
[Result "0-1"]
[WhiteElo "2142"]
[BlackElo "2344"]
[PlyCount "80"]
[EventDate "2022.07.24"]
[EventType "tourn"]
[EventRounds "7"]
[EventCountry "HUN"]

1. c4 e6 2. g3 d5 3. Bg2 Nf6 4. Nf3 Be7 5. O-O O-O 6. d4 Nbd7 7. Qc2 c6 8. Nbd2
b6 9. e4 dxc4 10. Nxc4 Bb7 11. Rd1 c5 12. Ng5 h6 13. e5 Bxg2 14. exf6 Nxf6 15.
Kxg2 hxg5 16. dxc5 Qc7 17. cxb6 axb6 18. Qe2 Nd5 19. Ne3 Nb4 20. a3 Nc6 21. Ng4
Rad8 22. Rxd8 Qxd8 23. Qe4 Qd6 24. Ne3 f5 25. Qa4 f4 26. Ng4 Qd5+ 27. Kg1 b5
28. Qc2 Nd4 29. Nh6+ Kh8 30. Qg6 Nf3+ 31. Kf1 Nxh2+ 32. Kg1 Nf3+ 33. Kf1 Nh2+
34. Kg1 Nf3+ 35. Kf1 Ne5 36. Qh5 gxh6 37. Qxh6+ Kg8 38. gxf4 gxf4 39. Bxf4 Qc4+
40. Kg2 Qe4+ 0-1

[Event "Magyar Korcsoportos Bajnokság fiú18"]
[Site "Eger"]
[Date "2022.07.29"]
[Round "5.3"]
[White "Reviczki, Roland"]
[Black "Virag, Balint"]
[Result "0-1"]
[WhiteElo "2160"]
[BlackElo "2164"]
[PlyCount "148"]
[EventDate "2022.07.24"]
[EventType "tourn"]
[EventRounds "7"]
[EventCountry "HUN"]

1. e4 e6 2. d4 d5 3. Bd3 dxe4 4. Bxe4 Nf6 5. Bf3 c5 6. Ne2 Nc6 7. Be3 cxd4 8.
Nxd4 Ne5 9. Nc3 Nxf3+ 10. Qxf3 a6 11. O-O-O Bd6 12. Nf5 exf5 13. Bc5 Ne4 14.
Nxe4 fxe4 15. Qxe4+ Qe7 16. Rhe1 Bxc5 17. Qa4+ Kf8 18. Rxe7 Bxe7 19. Qa5 g6 20.
Qc7 Be6 21. f4 Re8 22. Qxb7 Kg7 23. Qf3 h5 24. h3 h4 25. Rd4 Bf6 26. Rd6 Bf5
27. Rxf6 Kxf6 28. Qc3+ Ke7 29. Qa3+ Ke6 30. Qxa6+ Kd5 31. Qb7+ Ke6 32. Qc6+ Ke7
33. Qc5+ Kf6 34. Qd4+ Ke7 35. Qb4+ Kf6 36. Qc3+ Ke7 37. Qa3+ Kf6 38. Qc3+ Ke7
39. Qb4+ Kf6 40. Qd4+ Ke7 41. c4 Rc8 42. b3 Rh5 43. a4 Be6 44. Kb2 Kf8 45. Ka3
Kg8 46. Qd6 Rhc5 47. Qe7 Bxc4 48. bxc4 Rxc4 49. a5 Ra8 50. Kb3 Rxf4 51. Qb7 Re8
52. Qb6 Rf1 53. Kb2 Re2+ 54. Kc3 Rxg2 55. Qd8+ Kg7 56. Qd4+ f6 57. Qxh4 Rf3+
58. Kb4 Rgf2 59. Kb5 Rf5+ 60. Kc6 Rc2+ 61. Kd6 Rxa5 62. Qb4 Ra7 63. h4 Rcc7 64.
Qg4 Rd7+ 65. Ke6 Re7+ 66. Kd6 Re5 67. Qc4 Rae7 68. Qc3 R7e6+ 69. Kd7 Kh6 70.
Qf3 Ra6 71. Qf4+ Kg7 72. Qd4 Raa5 73. Qf4 Rac5 74. Kd6 Kf7 0-1

[Event "Magyar Korcsoportos Bajnokság fiú18"]
[Site "Eger"]
[Date "2022.07.30"]
[Round "6.1"]
[White "Juhasz, Agoston"]
[Black "Reviczki, Roland"]
[Result "1-0"]
[WhiteElo "2344"]
[BlackElo "2160"]
[PlyCount "107"]
[EventDate "2022.07.24"]
[EventType "tourn"]
[EventRounds "7"]
[EventCountry "HUN"]

1. e4 e6 2. d4 d5 3. Nc3 Nc6 4. e5 f6 5. Nf3 Bd7 6. Bf4 fxe5 7. dxe5 Qe7 8. Qd2
h6 9. h4 g6 10. Bd3 Qf7 11. h5 Nge7 12. hxg6 Nxg6 13. Bg3 Bg7 14. Bxg6 Qxg6 15.
Ne2 O-O-O 16. O-O-O h5 17. Nf4 Qg4 18. Rh4 Qf5 19. Nd3 Kb8 20. Kb1 b6 21. Rdh1
Rdg8 22. Qg5 Qf7 23. Rxh5 Ne7 24. Rxh8 Bxh8 25. Qh5 Ng6 26. Nf4 Be8 27. Nxg6
Qxg6 28. Qxg6 Bxg6 29. Nd4 Bf7 30. Rh7 Bg7 31. Kc1 Kc8 32. b4 a6 33. a4 Kd7 34.
b5 axb5 35. axb5 Bg6 36. Rh4 Ra8 37. Rg4 Bh6+ 38. Bf4 Bh5 39. Rh4 Bxf4+ 40.
Rxf4 Ra1+ 41. Kd2 Rd1+ 42. Kc3 Re1 43. Nc6 Rb1 44. Rb4 Rxb4 45. Kxb4 Ke8 46.
Kc3 Kf8 47. Nd4 Ke7 48. Kd3 Be8 49. Ke3 Bd7 50. Kf4 Kf7 51. Kg5 Kg7 52. g4 Bc8
53. f4 Bd7 54. f5 1-0

[Event "Magyar Korcsoportos Bajnokság fiú18"]
[Site "Eger"]
[Date "2022.07.30"]
[Round "6.2"]
[White "Forgacs, Attila Jr"]
[Black "Baski, Barnabas"]
[Result "1/2-1/2"]
[WhiteElo "2215"]
[BlackElo "2142"]
[PlyCount "72"]
[EventDate "2022.07.24"]
[EventType "tourn"]
[EventRounds "7"]
[EventCountry "HUN"]

1. e4 e5 2. Nf3 Nc6 3. Bb5 a6 4. Ba4 Nf6 5. O-O Be7 6. Re1 b5 7. Bb3 d6 8. c3
O-O 9. h3 Na5 10. Bc2 c5 11. d4 Qc7 12. Nbd2 cxd4 13. cxd4 Nc6 14. Nb3 a5 15.
Be3 a4 16. Nbd2 Bd7 17. Rc1 Qb7 18. Bb1 Rfc8 19. a3 Bd8 20. Qe2 Ba5 21. d5 Ne7
22. Nh4 Kh8 23. f4 Ne8 24. fxe5 dxe5 25. Qh5 f6 26. Qf7 Ng8 27. Nf5 Bb6 28.
Rxc8 Bxc8 29. Qxb7 Bxe3+ 30. Rxe3 Bxb7 31. Rc3 g6 32. Ne3 Rc8 33. Rxc8 Bxc8 34.
b3 axb3 35. Nxb3 Nd6 36. g4 Ne7 1/2-1/2

[Event "Magyar Korcsoportos Bajnokság fiú18"]
[Site "Eger"]
[Date "2022.07.30"]
[Round "6.3"]
[White "Karacsonyi, Gellert"]
[Black "Daroczi, Donat"]
[Result "1-0"]
[WhiteElo "2338"]
[BlackElo "2163"]
[PlyCount "89"]
[EventDate "2022.07.24"]
[EventType "tourn"]
[EventRounds "7"]
[EventCountry "HUN"]

1. d4 d5 2. Nf3 Nf6 3. Bf4 c5 4. e3 Nc6 5. Nbd2 e6 6. c3 Bd6 7. Bg3 a6 8. Bd3
O-O 9. Ne5 Qc7 10. f4 Nd7 11. O-O f5 12. Kh1 Nf6 13. Bh4 c4 14. Bc2 Ne4 15.
Ndf3 b5 16. a3 a5 17. Rg1 Bd7 18. g4 b4 19. axb4 axb4 20. Rxa8 Rxa8 21. gxf5
exf5 22. Bxe4 fxe4 23. Bf6 Bf8 24. Nh4 Bc8 25. f5 Qd6 26. Bg5 Ra7 27. Bf4 Qf6
28. Bg5 Qd6 29. Bf4 Qf6 30. Nxc6 Qxc6 31. cxb4 Rf7 32. Qh5 Be7 33. Ng6 Bf6 34.
Ne5 Bxe5 35. Bxe5 Bxf5 36. Bxg7 Bg6 37. Be5 Rf1 38. Qg5 Rxg1+ 39. Kxg1 Qd7 40.
b5 Qxb5 41. Qe7 Bf7 42. Qd8+ Be8 43. Qf6 Qd7 44. Qh8+ Kf7 45. Qg7+ 1-0

[Event "Magyar Korcsoportos Bajnokság lány10"]
[Site "Eger"]
[Date "2022.07.29"]
[Round "5.1"]
[White "Hangay, Lilla"]
[Black "Hangyal, Anna"]
[Result "0-1"]
[WhiteElo "1169"]
[BlackElo "1154"]
[PlyCount "120"]
[EventDate "2022.07.24"]
[EventType "tourn"]
[EventRounds "7"]
[EventCountry "HUN"]

1. e4 c5 2. Nf3 e6 3. d4 cxd4 4. Nxd4 Nf6 5. Nc3 Qb6 6. a3 Bc5 7. Be3 Nc6 8.
Na4 Qa5+ 9. c3 Bxd4 10. b4 Bxc3+ 11. Nxc3 Qe5 12. Bd2 Nxe4 13. Qe2 Nxd2 14.
Qxe5 Nxe5 15. Kxd2 O-O 16. f4 Ng4 17. h3 Nf6 18. g4 d5 19. g5 Ne4+ 20. Nxe4
dxe4 21. Ke3 b6 22. Bg2 Bb7 23. Bxe4 Bxe4 24. Kxe4 Rac8 25. Rhc1 Rfd8 26. a4
Kf8 27. a5 bxa5 28. Rxc8 Rxc8 29. b5 Rc4+ 30. Kf3 a4 31. Rb1 a3 32. b6 a2 33.
Ra1 axb6 34. Rxa2 Rc8 35. Ra7 Rb8 36. Rc7 b5 37. Ke3 b4 38. Rc1 b3 39. Kd4 b2
40. Rb1 Rb4+ 41. Kc5 Rxf4 42. Rxb2 Rf5+ 43. Kd6 Rd5+ 44. Kc6 Rxg5 45. Rb7 g6
46. Kd6 Kg7 47. Rb3 e5 48. Kd5 f6 49. Ke4 Rf5 50. Rb7+ Kh6 51. Rb2 Rf4+ 52. Ke3
Ra4 53. Rh2 f5 54. Rh1 g5 55. Kf3 e4+ 56. Kg3 Kh5 57. Rh2 f4+ 58. Kf2 Ra2+ 59.
Kg1 Rxh2 60. Kxh2 Kh4 0-1

[Event "Magyar Korcsoportos Bajnokság lány10"]
[Site "Eger"]
[Date "2022.07.29"]
[Round "5.2"]
[White "Ferenczy, Nora"]
[Black "Wang, Luomeng"]
[Result "0-1"]
[WhiteElo "1051"]
[BlackElo "1078"]
[PlyCount "86"]
[EventDate "2022.07.24"]
[EventType "tourn"]
[EventRounds "7"]
[EventCountry "HUN"]

1. d4 Nf6 2. c4 e6 3. Nc3 Bb4 4. a3 Bxc3+ 5. bxc3 b6 6. Bg5 d5 7. e3 Nbd7 8.
cxd5 exd5 9. Bb5 O-O 10. Bc6 Rb8 11. Bxd5 Qe8 12. Bf3 Ne4 13. Bf4 Nxc3 14. Qb3
Ne4 15. Bxc7 Rb7 16. Bf4 Ndf6 17. Ne2 Re7 18. Qc2 Bf5 19. Qb2 Rd7 20. O-O Nd5
21. Bg3 Nxg3 22. Nxg3 Bg6 23. Qb3 Nf6 24. Bc6 Qc8 25. Bxd7 Nxd7 26. Rfc1 Qb7
27. Rc3 h6 28. Rac1 Nf6 29. Rc7 Qa6 30. Re7 Rc8 31. Rxc8+ Qxc8 32. Rxa7 Qc1+
33. Nf1 Ne4 34. Qxb6 Qc2 35. Qb8+ Kh7 36. Qf4 Qd1 37. Qf3 Qe1 38. g3 Nd2 39.
Qg2 Be4 40. Qh3 Nf3+ 41. Kh1 Ng5+ 42. f3 Bxf3+ 43. Qg2 Qxf1# 0-1

[Event "Magyar Korcsoportos Bajnokság lány10"]
[Site "Eger"]
[Date "2022.07.29"]
[Round "5.3"]
[White "Biro, Csilla"]
[Black "Csiszar, Vivien"]
[Result "1-0"]
[WhiteElo "1215"]
[BlackElo "1068"]
[PlyCount "65"]
[EventDate "2022.07.24"]
[EventType "tourn"]
[EventRounds "7"]
[EventCountry "HUN"]

1. e4 c5 2. Nc3 Nc6 3. g3 Nf6 4. Bg2 e6 5. Nge2 Be7 6. O-O O-O 7. h3 d5 8. exd5
exd5 9. d4 cxd4 10. Nxd4 Re8 11. Bf4 Bc5 12. Ndb5 Bb6 13. Nxd5 Nxd5 14. Qxd5
Qxd5 15. Bxd5 Bxh3 16. Bg2 Bxg2 17. Kxg2 Re2 18. Rac1 Nb4 19. c3 Nd3 20. Rcd1
Rd8 21. Bc7 Bxc7 22. Nxc7 Rxb2 23. Kg1 Rc2 24. Rfe1 Rxc3 25. Nb5 Rc5 26. Rxd3
Rcc8 27. Rde3 h6 28. Nxa7 Ra8 29. Ra3 Rd7 30. Nb5 Rad8 31. Rae3 Kf8 32. Kg2 f6
33. Rc1 1-0

[Event "Magyar Korcsoportos Bajnokság lány14"]
[Site "Eger"]
[Date "2022.07.23"]
[Round "1.2"]
[White "Nandin-Erdene, Davaademberel"]
[Black "Toth, Timea"]
[Result "1-0"]
[WhiteElo "1789"]
[BlackElo "1426"]
[PlyCount "61"]
[EventDate "2022.07.23"]
[EventType "tourn"]
[EventRounds "9"]
[EventCountry "HUN"]

1. e4 c5 2. Nf3 Nc6 3. d4 cxd4 4. Nxd4 g6 5. c4 Bg7 6. Be3 Nf6 7. Nc3 O-O 8.
Be2 d6 9. O-O Bd7 10. f3 a5 11. b3 Re8 12. Qd2 Nxd4 13. Bxd4 Bc6 14. Rfd1 Nd7
15. Be3 Qb8 16. Rab1 Nc5 17. a3 Rd8 18. b4 axb4 19. axb4 Na4 20. Nxa4 Bxa4 21.
Rdc1 b5 22. Bd4 Bxd4+ 23. Qxd4 bxc4 24. Qxc4 Qb6+ 25. Kh1 Rdc8 26. Qxc8+ Rxc8
27. Rxc8+ Kg7 28. b5 Qf2 29. b6 Qxe2 30. Rcc1 Qa6 31. b7 1-0

[Event "Magyar Korcsoportos Bajnokság lány14"]
[Site "Eger"]
[Date "2022.07.26"]
[Round "1.3"]
[White "Karacsonyi, Luca"]
[Black "Balazs, Sztella Anna"]
[Result "1-0"]
[WhiteElo "1789"]
[BlackElo "1663"]
[PlyCount "99"]
[EventDate "2022.07.23"]
[EventType "tourn"]
[EventRounds "9"]
[EventCountry "HUN"]

1. e4 e5 2. Nf3 Nc6 3. Bc4 Bc5 4. O-O Nf6 5. Re1 O-O 6. d3 h6 7. c3 a6 8. Nbd2
Ba7 9. Nf1 d6 10. Bb3 Bg4 11. Ng3 Ne7 12. h3 Be6 13. Bc2 Qd7 14. d4 exd4 15.
cxd4 c6 16. Nh4 Qc7 17. e5 dxe5 18. dxe5 Rad8 19. Qe2 Nh7 20. Qe4 Ng6 21. Nxg6
fxg6 22. Qxg6 Bxf2+ 23. Kh1 Bxe1 24. Qxh7+ Kf7 25. Bg6+ Ke7 26. Qxg7+ Bf7 27.
Nf5+ Ke6 28. Qf6+ Kd5 29. Ne7+ Kc5 30. Be3+ Kb5 31. Bxf7 Bb4 32. Bxh6 Bxe7 33.
Qf1+ Kb6 34. Bxf8 Rxf8 35. e6 Qg3 36. Qf3 Qe5 37. Rd1 Bd6 38. g3 Kc7 39. Qf4
Rd8 40. Qxe5 Bxe5 41. Re1 Bxg3 42. Re3 Bh4 43. e7 Bxe7 44. Rxe7+ Rd7 45. Rxd7+
Kxd7 46. Kg2 b5 47. Kf3 Ke7 48. Bg6 c5 49. Ke4 Ke6 50. h4 1-0

[Event "Magyar Korcsoportos Bajnokság lány14"]
[Site "Eger"]
[Date "2022.07.24"]
[Round "2.4"]
[White "Toth, Timea"]
[Black "Karacsonyi, Luca"]
[Result "0-1"]
[WhiteElo "1426"]
[BlackElo "1789"]
[PlyCount "52"]
[EventDate "2022.07.23"]
[EventType "tourn"]
[EventRounds "9"]
[EventCountry "HUN"]

1. e4 c5 2. c3 d5 3. exd5 Qxd5 4. d4 Nc6 5. Nf3 Bg4 6. Be2 cxd4 7. cxd4 e6 8.
O-O Nf6 9. Nc3 Qa5 10. Re1 Be7 11. Bf4 O-O 12. Ne5 Bxe2 13. Qxe2 Nxd4 14. Qd2
Rad8 15. Nd3 Bb4 16. Be5 Ng4 17. Re4 Nxe5 18. Rxe5 Nf3+ 19. gxf3 Qxe5 20. Re1
Rxd3 21. Rxe5 Rxd2 22. Rb5 Bxc3 23. bxc3 Rxa2 24. Rxb7 Rc8 25. Rb3 g5 26. Kg2
a5 0-1

[Event "Magyar Korcsoportos Bajnokság lány14"]
[Site "Eger"]
[Date "2022.07.25"]
[Round "3.3"]
[White "Horvath, Greta"]
[Black "Toth, Timea"]
[Result "1-0"]
[WhiteElo "1346"]
[BlackElo "1426"]
[PlyCount "105"]
[EventDate "2022.07.23"]
[EventType "tourn"]
[EventRounds "9"]
[EventCountry "HUN"]

1. e4 c5 2. Nf3 Nc6 3. d4 cxd4 4. Nxd4 g6 5. Nc3 Bg7 6. Be3 Nf6 7. Bc4 O-O 8.
Bb3 d6 9. f3 Bd7 10. Qd2 Nxd4 11. Bxd4 Bc6 12. O-O Nd7 13. Be3 Nc5 14. Bc4 Rc8
15. Bd4 Bxd4+ 16. Qxd4 Qb6 17. b3 Nd7 18. Qf2 Qxf2+ 19. Rxf2 Nb6 20. Bd3 a6 21.
Nd1 Nd7 22. c4 Rc7 23. b4 b6 24. Rc2 Rfc8 25. Nb2 Bb7 26. Rac1 Ne5 27. a3 a5
28. b5 e6 29. Be2 Nd7 30. Rd1 d5 31. exd5 Bxd5 32. Rcd2 Bxc4 33. Nxc4 Nf6 34.
Rd8+ Rxd8 35. Rxd8+ Kg7 36. Nxb6 Rb7 37. Na4 Nd5 38. b6 Nxb6 39. Nxb6 Rxb6 40.
Ra8 a4 41. Rxa4 Rb3 42. Ra8 Kf6 43. a4 Ra3 44. a5 Ke7 45. a6 Kd6 46. Ra7 f5 47.
Rxh7 g5 48. Rg7 g4 49. fxg4 f4 50. Bf3 Rxa6 51. g5 Ke5 52. h4 Kf5 53. h5 1-0